000 00337nam a2200145Ia 4500
008 230917s9999||||xx |||||||||||||| ||und||
040 _e48171
_aMAIN
041 _aEnglish
082 _a843.7 Z75T
100 _aZola, Emile
245 0 _aTherese raquin
260 _aMiddlesex
_bPenguin Books
_c1976
300 _a255 p.
942 _cBK
999 _c161343
_d161343